01067 a2200181 4500001000700000040002200007041001600029082002100045100003000066245003500096260005600131300000800187362001300195697055100208942000700759952010000766999001900866141353 cLeonardo Da Vinci aPortuguês a324.3 Z58abZ58a aZERBINE, Therezinha Godoy aAnistiabsementes da liberdade bEscolas profissionais salesianasc1979aSão Paulo a255 a19790000 aAnistiaa1975aManifestosaMulher brasileiraaConferência Porto AlegreaJornal do ComércioaFolha de Londrinaa1976aTribuna do CearáaMASPaNorteaJornal da BahiaaJornal de debatesa1977aAuditório das MercêsaSalvadoraSão PauloaDiário de NotíciasaTribuna da BahiaaJornal do BrasilaDiário de NatalaAssembléia LegislativaaFlorianópolisaDiário PopularaGoiâniaaTribuna do NorteaTribuna do CearáaRevista MancheteaDiário de Lisboaa1979aJornal do BrasilaFolha de LondrinaaCBAaCuritibaaCampinasaBrasil cBK 00104070a71.1b71.1d2024-03-27l0o324.3 Z58apO005569r2024-03-27 22:46:04w2024-03-27yBK c141353d141353